00282nam a2200085 4500008004100000022001400041245007100055260004000126300003000166250127b |||||||| |||| 00| 0 eng d a0970-7158 aClinical Ayurveda Practice-The Hand BookcProf. Dr. P. H. Kulkarni aPunebDeerghayu Internationalc2016 aVol.2016, Issue.306c21cm